| 000 | 00336cam a22000977a 4500 | ||
|---|---|---|---|
| 008 | 180718b-- xxu||||| |||| 00| 0 eng d | ||
| 245 |
_aDepartmentally Related Parliamentary Standing Committees: Compendium _cby Lok Sabha |
||
| 260 |
_aNew Delhi _bLok Sabha Secretariat _c-- |
||
| 500 | _aLibrary has 1994/95-1995/96 | ||
| 700 | _aIndia. Lok Sabha | ||
| 999 |
_c504242 _d504242 |
||